Countries Between Latitudes 0° and 30° - Statistics

General Stats
  • This quiz has been taken 27 times
    16 since last reset
  • The average score is 47 of 67
Answer Stats
Continent Country % Correct
North America Panama
91%
North America Antigua and Barbuda
82%
North America Belize
82%
Africa Cape Verde
82%
North America Dominica
82%
North America Dominican Republic
82%
North America El Salvador
82%
Africa Ghana
82%
North America Guatemala
82%
North America Haiti
82%
Africa Ivory Coast
82%
North America Nicaragua
82%
Africa Niger
82%
Africa Nigeria
82%
Africa Senegal
82%
North America St. Kitts and Nevis
82%
North America St. Vincent and the Grenadines
82%
Asia Thailand
82%
Asia Brunei
73%
Africa Burkina Faso
73%
Asia Cambodia
73%
Africa Cameroon
73%
Africa Central African Republic
73%
Africa Chad
73%
North America Costa Rica
73%
South America French Guiana
73%
Africa Gambia
73%
North America Grenada
73%
North America Honduras
73%
Asia Laos
73%
Africa Liberia
73%
Asia Maldives
73%
Africa Mali
73%
Africa Mauritania
73%
Asia Oman
73%
Africa South Sudan
73%
North America St. Lucia
73%
Africa Sudan
73%
South America Suriname
73%
North America Trinidad and Tobago
73%
South America Venezuela
73%
Asia Vietnam
73%
Asia Yemen
73%
Asia Bangladesh
64%
Africa Benin
64%
North America Cuba
64%
Africa Guinea
64%
Africa Guinea-Bissau
64%
South America Guyana
64%
North America Jamaica
64%
Oceania Palau
64%
Asia Philippines
64%
Africa Sierra Leone
64%
Asia Singapore
64%
Africa Togo
64%
Asia United Arab Emirates
64%
North America Bahamas
55%
Asia Bahrain
55%
Asia Bhutan
55%
Africa Djibouti
55%
Oceania F.S. Micronesia
55%
Asia Myanmar
55%
Asia Sri Lanka
55%
Africa Eritria
45%
Oceania Marshall Islands
45%
Asia Qatar
45%
Africa Equatorial Guinea
27%
No matching quizzes found
Score Distribution
Percent of People with Each Score
Percentile by Number Answered
Your Score History
You have not taken this quiz since the last reset